The Computer Virus Handbook /

Salvato in:
Dettagli Bibliografici
Autore principale: Levin, Richard B (Autore)
Natura: Libro
Lingua:inglese
Pubblicazione: Berkeley : Osborne McGraw-Hill, 1990
Tags: Aggiungi Tag
Nessun Tag, puoi essere il primo ad aggiungerne!!

MARC

LEADER 00000nam a22000003a 4500
001 stu30000
005 20150617225738.4
008 951213s1990----xxu-----------------eng-d
020 |a 0-07-881647-5 
040 |a STU  |b slo 
041 0 |a eng 
044 |a xxu 
080 |a 681.3 
100 1 |a Levin, Richard B  |4 aut 
245 1 |a The Computer Virus Handbook /  |c [aut]Levin,Richard B 
260 |a Berkeley :  |b Osborne McGraw-Hill,  |c 1990 
300 |a 27,411 s 
996 |c I*4957  |l II680  |s A  |a 24  |w stu30000_0001 
996 |b 284V028274  |c V*43703/O-19002  |l VVT  |s A  |a 24  |w stu30000_0002